000 00469nam a2200181Ia 4500
005 20240823011722.0
008 240823s9999||||xx |||||||||||||| ||und||
041 _aENGLISH
082 _A004.22 P2
100 _a"Heuring,Vincent P [et al]"
245 0 _aComputer systems Design and Architecture
250 _a1st
260 _c2002
_b"Pearson,Singapore"
500 _aTRANSFERED
650 _aComputer Science
_bComputer Science
942 _cBK
999 _c162345
_d162345